000 01008nam2a22002411 4500
001 rc\4614404
005 20250611135509.0
021 _aRU
_b452-61
035 _a(NLR Aleph) 008216144
090 _a8127015
_c8127015
100 _a20130416d1904 |||y0rusy50 ca
101 0 _arus
102 _aRU
105 _aa z |||||
200 1 _aМины образцов 1898 и 1900 гг.
210 _d1904
_aБ. м.
215 _a[2], II, 146 с.
_cчерт.
461 0 _1001rc\4614403
_12001#$aНаставление по разборке, сборке и выверке мин Уайтхеда$fРед. кап. 2 ранга Б. Братцев. Ч.$vЧ. 3
_98127009
_cСанкт-Петербург
_d1904
_fРед. кап. 2 ранга Б. Братцев. Ч.
_nТип. Мор. М-ва
_tНаставление по разборке, сборке и выверке мин Уайтхеда
_vЧ. 3
801 0 _aRU
_bNLR
_gpsbo
801 1 _aRU
_bELAR
_2rusmarc
852 _aNLR
_j18.226.9.141
942 _cBOOK
980 _aNB